Sports Quiz

Random Sports or Basketball Quiz

NBA 50 Greatest Players Alma Maters Quiz Stats

Quiz Updated Apr 11, 2015

Challenge
Share
Tweet
Embed
Score 0/50 Timer 08:00
2 Plays Today
Player College % Correct
Kareem Abdul-JabbarUCLA
95.5%
Michael JordanNorth Carolina
90.7%
Shaquille O'NealLouisiana State
85.8%
Larry BirdIndiana State
85.5%
Magic JohnsonMichigan State
84.9%
Patrick EwingGeorgetown
83.7%
Bill WaltonUCLA
78.4%
Charles BarkleyAuburn
76.7%
Hakeem OlajuwonHouston
76.5%
James WorthyNorth Carolina
73.1%
Clyde DrexlerHouston
70.8%
Pete MaravichLouisiana State
70.6%
David RobinsonUS Naval Academy
70.1%
Isiah ThomasIndiana
69.4%
Wilt ChamberlainKansas
65.6%
John StocktonGonzaga
61.5%
Bill RussellSan Francisco
54.6%
Jerry WestWest Virginia
46.8%
Oscar RobertsonCincinnati
46%
Elvin HayesHouston
44.4%
Kevin McHaleMinnesota
43.6%
Billy CunninghamNorth Carolina
42.3%
Karl MaloneLouisiana Tech
41.4%
Jerry LucasOhio State
41%
John HavlicekOhio State
39.7%
Player College % Correct
Julius ErvingMassachusetts
35.5%
Bob PettitLouisiana State
34.6%
Moses MalonePetersburg HS
31.6%
Dave BingSyracuse
28.7%
Bob CousyHoly Cross
24.4%
Scottie PippenCentral Arkansas
24.3%
Dave CowensFlorida State
22.1%
Rick BarryMiami (FL)
21.7%
Bill SharmanSouthern California
21.3%
Wes UnseldLouisville
20%
Elgin BaylorSeattle
18.3%
George MikanDePaul
16.7%
Paul ArizinVillanova
14.7%
Robert ParishCentenary
13%
Nate ArchibaldUTEP
10.8%
Dave DeBusschereDetroit
9.5%
Walt FrazierSouthern Illinois
9.4%
Lenny WilkensProvidence
9%
Dolph SchayesNYU
7.8%
Willis ReedGrambling State
7.3%
George GervinEastern Michigan
5.2%
Earl MonroeWinston-Salem State
4.4%
Hal GreerMarshall
4.1%
Nate ThurmondBowling Green
3.4%
Sam JonesNorth Carolina Central
2.3%

You're not logged in!

Compare scores with friends on all Sporcle quizzes.
Join for Free
OR
Log In

You Might Also Like...

Show Comments

Extras

Top Quizzes Today


Score Distribution

Your Account Isn't Verified!

In order to create a playlist on Sporcle, you need to verify the email address you used during registration. Go to your Sporcle Settings to finish the process.

Report this User

Report this user for behavior that violates our Community Guidelines.

Details: